000 00291nam a22001217a 4500
008 170706b xxu||||| |||| 00| 0 eng d
041 _aALB
080 _a82
100 _a22
101 _aGJL
245 _aPROVERBA TE SHQIPRISW TE GJUHEVE NEOLATINE
_cRAMDANI.R.H
942 _2udc
_cBK
999 _c19961
_d19961